Statystyki dla Państwa śródlądowe cz.2 Azja

Kliknij tutaj aby rozwiązać quiz!

Ogólne statystyki

  • Ten quiz został rozwiązany 21 razy
  • Średni wynik to 11 z 12

Statystyki odpowiedzi

kontynentkraj% Poprawnych
AzjaKirgistan
100%
AzjaTadżykistan
100%
AzjaAfganistan
94%
AzjaKazachstan
94%
AzjaLaos
94%
AzjaMongolia
94%
AzjaNepal
94%
AzjaArmenia
88%
AzjaBhutan
88%
AzjaTurkmenistan
88%
AzjaUzbekistan
88%
AzjaAzerbejdżan
65%

Rozkład punktacji

Percentyl według liczby udzielonych odpowiedzi

Procent ludzi z każdym wynikiem

Twoja historia wyników

Nie rozwiązałeś tego quizu